Statistiken für Länder, die nie an einer Fußball-Weltmeisterschaft teilgenommen haben

Klicken Sie hier um das Quiz zu spielen!

Allgemein

  • Dieses Quiz wurde 304 mal gespielt
  • Das Durchschnittsergebnis liegt bei 72 aus 133

Antwortstatistiken

HintLand% Korrekt
6 UEFALiechtenstein
87%
6 UEFAAndorra
85%
6 UEFALuxemburg
85%
6 UEFASan Marino
82%
6 UEFAEstland
80%
6 UEFALitauen
80%
6 UEFALettland
79%
6 UEFAArmenien
77%
6 UEFAFinnland
73%
1 AFCJemen
73%
1 AFCOman
73%
6 UEFAAlbanien
72%
1 AFCAfghanistan
71%
6 UEFAGeorgien
71%
1 AFCIndien
71%
6 UEFAZypern
71%
6 UEFAAserbaidschan
70%
6 UEFAKosovo
70%
1 AFCPakistan
70%
1 AFCTurkmenistan
70%
6 UEFABelarus
69%
6 UEFAMalta
69%
6 UEFANordmazedonien
69%
6 UEFAKasachstan
68%
6 UEFAMontenegro
67%
1 AFCTadschikistan
67%
1 AFCKirgisistan
66%
1 AFCMongolei
66%
1 AFCUsbekistan
66%
5 OFCFidschi
65%
2 CAFGuinea
65%
6 UEFAMoldawien
65%
3 CONCACAFSt. Kitts und Nevis
65%
2 CAFSudan
65%
1 AFCJordanien
64%
2 CAFLesotho
64%
2 CAFMauretanien
64%
2 CAFNiger
64%
3 CONCACAFSt. Lucia
64%
1 AFCSyrien
64%
3 CONCACAFBahamas
63%
1 AFCBhutan
62%
2 CAFKenia
62%
2 CAFRepublik Kongo
62%
2 CAFSüdsudan
62%
1 AFCVietnam
62%
1 AFCLaos
61%
2 CAFMali
61%
1 AFCNepal
61%
2 CAFSambia
61%
1 AFCThailand
61%
2 CAFUganda
61%
2 CAFÄthiopien
60%
2 CAFEswatini
60%
1 AFCMalediven
60%
2 CAFNamibia
60%
5 OFCSamoa
60%
2 CAFSeychellen
60%
1 AFCSri Lanka
60%
3 CONCACAFSt. Vincent und die Grenadinen
60%
2 CAFTansania
60%
3 CONCACAFDominica
59%
2 CAFEritrea
59%
3 CONCACAFGuatemala
59%
1 AFCMalaysia
59%
3 CONCACAFBarbados
58%
3 CONCACAFBelize
58%
3 CONCACAFDominikanische Republik
58%
2 CAFGuinea-Bissau
58%
1 AFCKambodscha
58%
1 AFCLibanon
58%
2 CAFMadagaskar
58%
1 AFCSingapur
58%
2 CAFSomalia
58%
1 AFCBahrain
57%
2 CAFBurundi
57%
2 CAFGambia
57%
3 CONCACAFGuyana
57%
2 CAFLibyen
57%
2 CAFRuanda
57%
2 CAFTschad
57%
4 CONMEBOLVenezuela
57%
1 AFCBangladesch
56%
2 CAFBenin
56%
1 AFCChinesisch Taipeh
56%
2 CAFMauritius
56%
1 AFCMyanmar
56%
1 AFCPhilippinen
56%
3 CONCACAFSuriname
56%
3 CONCACAFAntigua und Barbuda
55%
2 CAFÄquatorial-Guinea
55%
1 AFCBrunei
55%
2 CAFDschibuti
55%
3 CONCACAFNicaragua
55%
2 CAFSimbabwe
55%
2 CAFKomoren
54%
2 CAFBotswana
53%
2 CAFKap Verde
52%
2 CAFLiberia
52%
2 CAFMosambik
52%
5 OFCTonga
51%
5 OFCVanuatu
51%
3 CONCACAFGrenada
50%
5 OFCPapua-Neuguinea
50%
5 OFCSalomonen
50%
2 CAFZentralafrikanische Republik
50%
2 CAFSierra Leone
49%
2 CAFBurkina Faso
48%
2 CAFGabun
47%
2 CAFMalawi
47%
2 CAFSão Tomé und Príncipe
47%
6 UEFAFäröer
44%
6 UEFAGibraltar
43%
3 CONCACAFPuerto Rico
24%
3 CONCACAFAruba
22%
3 CONCACAFBermuda
19%
1 AFCGuam
19%
1 AFCHongkong
19%
5 OFCTahiti
19%
1 AFCPalästina
18%
3 CONCACAFCuraçao
17%
5 OFCAmerikanisch-Samoa
16%
3 CONCACAFBritische Jungferninseln
16%
1 AFCTimor-Leste
16%
3 CONCACAFAmerikanische Jungferninseln
15%
5 OFCNeukaledonien
15%
3 CONCACAFCayman Islands
13%
1 AFCMacau
13%
3 CONCACAFAnguilla
12%
5 OFCCookinseln
12%
3 CONCACAFMontserrat
11%
3 CONCACAFTurks- und Caicosinseln
10%
5 OFCNiue
7%

Verteilung der Resultate

Perzentil nach korrekt beantworteten Fragen

Anzahl Personen mit jedem Resultat

Ihre Resultats-Entwicklung

Sie haben dieses Quiz noch nicht gespielt